000 00960nam a2200205 a 4500
001 000731217
003 AM-YeHGA
005 20250617143142.0
008 100426s1985 ru r 000 0 rus d
040 _aAM-YeHGA
041 0 _arus
111 2 _aВсесоюзная конференция "Самородное элементообразование в эндогенных процессах"
245 1 0 _aСамородные металлы в изверженных породах :
_bТезисы докладов всесоюзной конференции "Самородное элементообразование в эндогенных процессах".
260 _aЯкутск :
_bЯкутский филиал СО АН СССР,
_c1985.
300 _aчасть.
504 _aБиблиогр.: с. 121
505 0 _gЧ. 1 (1985, 123 с.)
653 0 _aМинералогия - Тезисы докладов
090 _c272011
999 _c270373
_d270373